El proceso de toda evolución biológica / (Record no. 81756)

MARC details
000 -LEADER
campo de control de longitud fija 00828nam a2200241 i 4500
001 - NÚMERO DE CONTROL
campo de control 81756
003 - IDENTIFICADOR DE NÚMERO DE CONTROL
campo de control ES-MaACL
005 - FECHA Y HORA DE LA ÚLTIMA TRANSACCIÓN
campo de control 20230906174515.0
007 - CAMPO FIJO DE DESCRIPCIÓN FÍSICA--INFORMACIÓN GENERAL
campo de control de longitud fija t|
008 - DATOS DE LONGITUD FIJA--INFORMACIÓN GENERAL
campo de control de longitud fija 041105s1958 sp |||| | spa d
100 1# - ENTRADA PRINCIPAL--NOMBRE DE PERSONA
Nombre de persona Huxley, Julian.
9 (RLIN) 64859
245 13 - MENCIÓN DEL TÍTULO
Título El proceso de toda evolución biológica /
Mención de responsabilidad, etc. compilación de Julian Huxley, A.C. Hardy, E.B. Ford ; traducción del inglés por Faustino Cordón.
260 ## - PUBLICACIÓN, DISTRIBUCIÓN, ETC.
Lugar de publicación, distribución, etc. Madrid :
Nombre del editor, distribuidor, etc. Revista de Occidente,
Fecha de publicación, distribución, etc. [1958] (
Fabricante Clavileño)
300 ## - DESCRIPCIÓN FÍSICA
Extensión 462 p. ;
Dimensiones 22 cm.
490 1# - MENCIÓN DE SERIE
Mención de serie Biblioteca Ibys de ciencia biológica
650 #4 - PUNTO DE ACCESO ADICIONAL DE MATERIA--TÉRMINO DE MATERIA
Término de materia o nombre geográfico como elemento de entrada Evolución.
9 (RLIN) 12625
700 1# - ENTRADA AGREGADA--NOMBRE PERSONAL
Nombre de persona Hardy, A. C.
9 (RLIN) 61826
700 1# - ENTRADA AGREGADA--NOMBRE PERSONAL
Nombre de persona Ford, E. B.
9 (RLIN) 51698
700 1# - ENTRADA AGREGADA--NOMBRE PERSONAL
Nombre de persona Cordón, Faustino.
9 (RLIN) 40557
830 1# - PUNTO DE ACCESO ADICIONAL DE SERIE-TÍTULO UNIFORME
Título uniforme Biblioteca Ibys de ciencia biológica
9 (RLIN) 181969
852 ## - LOCALIZACIÓN
Ubicación ES-MaACL
Número de control de estantería C-14594
Holdings
Estatus retirado Estado de pérdida Estado de daño No para préstamo Biblioteca de origen Biblioteca actual Ubicación en estantería Fecha de adquisición Fuente de adquisición Total de préstamos Signatura topográfica completa Código de barras Visto por última vez Precio de reemplazo Tipo de ítem Koha
        Biblioteca del Ateneo de Madrid Biblioteca del Ateneo de Madrid Ficheros 17/01/2008     C-14594 1085453 23/02/2023 23/02/2023 Libro impreso